000 00729nam a2200205Ia 4500
999 _c36298
_d36298
001 2205
003 GE_BSU
005 20190520181025.0
008 181216s1972||||ge |||||||||||||| ||geo||
040 _cGE_BSU
041 _ageo
080 _a94(479.22) მ–58
100 _aმესხია, შოთა
_91428
245 _aძლევაი საკვირველი :
_bდიდგორის ბრძოლა და თბილისის შემოერთება.
264 _aთბილისი :
_bმეცნიერება,
_c1972
300 _a162 გვ. ;
_b20 სმ.
653 _aისტორია
653 _aდიდგორის ბრძოლა
942 _cBK
_2udc